<?xml version="1.0" encoding="UTF-8"?>
<collection xmlns="http://www.loc.gov/MARC21/slim">
    <record>
        <controlfield tag="001">85343</controlfield>
        <controlfield tag="005">20191118101538.0</controlfield>
        <datafield tag="037" ind1=" " ind2=" ">
            <subfield code="a">TAZ-TFG-2019-2171</subfield>
        </datafield>
        <datafield tag="041" ind1=" " ind2=" ">
            <subfield code="a">spa</subfield>
        </datafield>
        <datafield tag="100" ind1="1" ind2=" ">
            <subfield code="a">Pérez Arteaga,Roberto</subfield>
        </datafield>
        <datafield tag="242" ind1="0" ind2="0">
            <subfield code="a">International Marketing Planning: Davisa Informática</subfield>
        </datafield>
        <datafield tag="245" ind1="0" ind2="0">
            <subfield code="a">Plan de Marketing Internacional: Empresa Davisa Informática</subfield>
        </datafield>
        <datafield tag="260" ind1=" " ind2=" ">
            <subfield code="a">Zaragoza</subfield>
            <subfield code="b">Universidad de Zaragoza</subfield>
            <subfield code="c">2019</subfield>
        </datafield>
        <datafield tag="506" ind1=" " ind2=" ">
            <subfield code="a">by-nc-sa</subfield>
            <subfield code="b">Creative Commons</subfield>
            <subfield code="c">3.0</subfield>
            <subfield code="u">http://creativecommons.org/licenses/by-nc-sa/3.0/</subfield>
        </datafield>
        <datafield tag="520" ind1=" " ind2=" ">
            <subfield code="a">En este trabajo se analizan con detalle las funciones realizadas por la empresa de softwares tecnológicos Davisa Informática. El objetivo es poder analizar cuáles son los puntos fuertes y débiles de la empresa para poder afrontar una apertura al mercado internacional y conseguir hacer crecer la empresa. Tras analizar los países que pueden cumplir las características necesarias de viabilidad para llevar a cabo la internacionalización, nos quedamos con Alemania, ya que reúne los componentes más atractivos para tener éxito en la operación. Esos componentes, como la escasa distancia psicológica, o el crecimiento de su economía y los sectores de la construcción, promoción inmobiliaria y manufacturas, hacen que sea la opción más viable. Para conseguir la internacionalización de forma exitosa se realizarán una serie de acciones de Marketing Mix (Comunicación, Precio, Distribución, Producto) que ayudarán a la empresa Davisa a penetrar en el mercado alemán con facilidad y con la mayor brevedad posible.&lt;br /></subfield>
        </datafield>
        <datafield tag="521" ind1=" " ind2=" ">
            <subfield code="a">Graduado en Marketing e Investigación de Mercados</subfield>
        </datafield>
        <datafield tag="540" ind1=" " ind2=" ">
            <subfield code="a">Derechos regulados por licencia Creative Commons</subfield>
        </datafield>
        <datafield tag="700" ind1=" " ind2=" ">
            <subfield code="a">Delso Aranaz, María Dolores</subfield>
            <subfield code="e">dir.</subfield>
        </datafield>
        <datafield tag="710" ind1="2" ind2=" ">
            <subfield code="a">Universidad de Zaragoza</subfield>
            <subfield code="b">Dirección de Márketing e Investigación de Mercados</subfield>
            <subfield code="c">Comercialización e Investigación de Mercados</subfield>
        </datafield>
        <datafield tag="856" ind1="0" ind2=" ">
            <subfield code="f">647590@celes.unizar.es</subfield>
        </datafield>
        <datafield tag="856" ind1="4" ind2=" ">
            <subfield code="s">2035779</subfield>
            <subfield code="u">http://zaguan.unizar.es/record/85343/files/TAZ-TFG-2019-2171.pdf</subfield>
            <subfield code="y">Memoria (spa)</subfield>
        </datafield>
        <datafield tag="909" ind1="C" ind2="O">
            <subfield code="o">oai:zaguan.unizar.es:85343</subfield>
            <subfield code="p">driver</subfield>
            <subfield code="p">trabajos-fin-grado</subfield>
        </datafield>
        <datafield tag="950" ind1=" " ind2=" ">
            <subfield code="a"></subfield>
        </datafield>
        <datafield tag="951" ind1=" " ind2=" ">
            <subfield code="a">deposita:2019-11-18</subfield>
        </datafield>
        <datafield tag="980" ind1=" " ind2=" ">
            <subfield code="a">TAZ</subfield>
            <subfield code="b">TFG</subfield>
            <subfield code="c">ECON</subfield>
        </datafield>
        <datafield tag="999" ind1=" " ind2=" ">
            <subfield code="a">20190626115342.CREATION_DATE</subfield>
        </datafield>
    </record>

    
</collection>